000 00451nam a2200181Ia 4500
001 15621
005 20260306170209.0
008 260306t1999||||xx |||||||||||||| ||und||
041 _aESP
082 _a551.307
_bM26
100 _aMartínez Vargas, Alberto
_eAUT
245 0 _aAporte sobre huaycos e inundaciones en el Perú
260 _c1999
300 _a76 páginas :
_c30 cm.
650 _aGEN
654 _aCCN
942 _cLIB
_dJUS
_fJUS
_2ddc
_n
999 _c15621
_d15621